MyGZULibrary

South Africa in the global imaginary / (Record no. 8219)

MARC details
000 -LEADER
fixed length control field 01836cam a2200493 a 4500
001 - CONTROL NUMBER
control field 13745416
003 - CONTROL NUMBER IDENTIFIER
control field GZU
005 - DATE AND TIME OF LATEST TRANSACTION
control field 20210517150655.0
008 - FIXED-LENGTH DATA ELEMENTS--GENERAL INFORMATION
fixed length control field 041008s2004 sa a b 001 0 eng d
010 ## - LIBRARY OF CONGRESS CONTROL NUMBER
LC control number 2004448570
020 ## - INTERNATIONAL STANDARD BOOK NUMBER
International Standard Book Number 1868882608
035 ## - SYSTEM CONTROL NUMBER
System control number (OCoLC)ocm56500495
040 ## - CATALOGING SOURCE
Original cataloging agency OL$
Transcribing agency OL$
Modifying agency DLC
042 ## - AUTHENTICATION CODE
Authentication code lccopycat
043 ## - GEOGRAPHIC AREA CODE
Geographic area code f-sa---
050 00 - LIBRARY OF CONGRESS CALL NUMBER
Classification number PL8021.S6
Item number SOU 2004
245 00 - TITLE STATEMENT
Title South Africa in the global imaginary /
Statement of responsibility, etc. edited by Leon de Kock, Louise Bethlehem & Sonja Laden.
246 30 - VARYING FORM OF TITLE
Title proper/short title Global imaginary
250 ## - EDITION STATEMENT
Edition statement 1st ed.
260 ## - PUBLICATION, DISTRIBUTION, ETC.
Place of publication, distribution, etc. Pretoria :
Name of publisher, distributor, etc. University of South Africa Press,
Date of publication, distribution, etc. 2004.
300 ## - PHYSICAL DESCRIPTION
Extent vii, 298 p. :
Other physical details ill. ;
Dimensions 24 cm.
440 #0 - SERIES STATEMENT/ADDED ENTRY--TITLE
Title Imagined South Africa
500 ## - GENERAL NOTE
General note "The volume ... derives from a special issue of the journal Poetics today carrying the same title ... "--Pref.
500 ## - GENERAL NOTE
General note "Centre for African Renaissance Studies"--Back cover.
500 ## - GENERAL NOTE
General note "Academic Publishers Brill"--Back cover.
504 ## - BIBLIOGRAPHY, ETC. NOTE
Bibliography, etc. note Includes bibliographical references (p. 272-277) and index.
650 #0 - SUBJECT ADDED ENTRY--TOPICAL TERM
Topical term or geographic name entry element Authors, South African.
650 #0 - SUBJECT ADDED ENTRY--TOPICAL TERM
Topical term or geographic name entry element Group identity
Geographic subdivision South Africa.
650 #0 - SUBJECT ADDED ENTRY--TOPICAL TERM
Topical term or geographic name entry element Group identity in literature.
650 #0 - SUBJECT ADDED ENTRY--TOPICAL TERM
Topical term or geographic name entry element Group identity in art.
650 #0 - SUBJECT ADDED ENTRY--TOPICAL TERM
Topical term or geographic name entry element National characteristics, African.
651 #0 - SUBJECT ADDED ENTRY--GEOGRAPHIC NAME
Geographic name South Africa
General subdivision Cultural policy.
651 #0 - SUBJECT ADDED ENTRY--GEOGRAPHIC NAME
Geographic name South Africa
General subdivision Race relations.
651 #0 - SUBJECT ADDED ENTRY--GEOGRAPHIC NAME
Geographic name South Africa
General subdivision Social conditions.
651 #0 - SUBJECT ADDED ENTRY--GEOGRAPHIC NAME
Geographic name South Africa
General subdivision Social life and customs.
651 #0 - SUBJECT ADDED ENTRY--GEOGRAPHIC NAME
Geographic name South Africa
General subdivision Politics and government.
700 1# - ADDED ENTRY--PERSONAL NAME
Personal name De Kock, Leon.
Relator term editor
700 1# - ADDED ENTRY--PERSONAL NAME
Personal name Bethlehem, Louise.
Relator term editor
700 1# - ADDED ENTRY--PERSONAL NAME
Personal name Laden, Sonja.
Relator term editor
730 0# - ADDED ENTRY--UNIFORM TITLE
Uniform title Poetics today.
906 ## - LOCAL DATA ELEMENT F, LDF (RLIN)
a 7
b cbc
c copycat
d 3
e ncip
f 20
g y-gencatlg
942 ## - ADDED ENTRY ELEMENTS (KOHA)
Source of classification or shelving scheme Library of Congress Classification
Koha item type Books
Classification part 8021.S6
Item part SOU
Call number prefix PL
Holdings
Withdrawn status Lost status Source of classification or shelving scheme Damaged status Not for loan Collection code Home library Current library Shelving location Date acquired Inventory number Total Checkouts Full call number Barcode Date last seen Copy number Price effective from Koha item type
    Library of Congress Classification     Non-fiction Mashava Campus Library Mashava Campus Library General Stacks 05/17/2021 5125   PL8021.S6 SOU 2004 G21521 05/17/2021 c. 1 05/17/2021 Books